| 000 | 00640nam a2200217Ia 4500 | ||
|---|---|---|---|
| 003 | OSt | ||
| 005 | 20260310151101.0 | ||
| 008 | 210210b1940 xxu||||| |||| 00| 0 eng d | ||
| 040 | _cAL | ||
| 041 | _aHindi | ||
| 082 | _a864/146 | ||
| 100 |
_aTANDON (Premnarayan) _dटंडन (प्रेमनारायण) _9258432 |
||
| 245 |
_aHamare gadya nirmataha _bहमारा गद्य निर्माता |
||
| 260 |
_aAgra _bGayaprasad End Sans _c1940 |
||
| 650 |
_anirmataha _9258433 |
||
| 650 |
_aHamare _9258434 |
||
| 650 |
_agadya _9258435 |
||
| 690 |
_aHindi Criticism _9258436 |
||
| 906 | _a023682 | ||
| 942 |
_2ddc _cBK |
||
| 999 |
_c148647 _d148647 |
||